000 00471nam a2200193 a 4500
001 1761624191587
003 ACL
005 20251028093457.0
008 251028s2018##################000#0#eng##
020 _a9780815391944
082 0 4 _a659.2068
_bBRI
100 1 _aBridge, John,
_eauthor.
245 1 0 _aPlanning and the Growth of the Firm :
260 _c2018.
300 _a218 pages
650 0 _aBusiness planning.
942 _cENGLISH
040 _aACL
_beng
_cACL
999 _c594387
_d594387